Pascal o el drama de la conciencia cristiana.
Guardat en:
| Autor principal: | |
|---|---|
| Altres autors: | |
| Format: | Llibre |
| Idioma: | espanyol |
| Publicat: |
Buenos Aires, Argentina:
Emecé Editores,
1955.
|
| Col·lecció: | Colección Grandes Ensayistas.
|
| Matèries: | |
| Etiquetes: |
Afegir etiqueta
Sense etiquetes, Sigues el primer a etiquetar aquest registre!
|
MARC
| LEADER | 00000nam a2200000 a 4500 | ||
|---|---|---|---|
| 001 | UCZ3220 | ||
| 003 | CL-VaPUC | ||
| 005 | 20230320112552.0 | ||
| 008 | 951020e19550000AG |||||||||||||||||spa|d | ||
| 999 | |c 239715 |d 239713 | ||
| 040 | |c Pontificia Universidad Católica de Valparaíso | ||
| 082 | 0 | 4 | |a 194 GUA 1955 |2 21 |
| 100 | 0 | |a Guardini, Romano |e autor |9 341352 | |
| 245 | 1 | 0 | |a Pascal o el drama de la conciencia cristiana. |
| 260 | |a Buenos Aires, Argentina: |b Emecé Editores, |c 1955. | ||
| 300 | |a 277 páginas. | ||
| 490 | 0 | |a Colección Grandes Ensayistas. | |
| 500 | |a c.2 Donación Familia Prof. Alejandro Guzmán Brito. | ||
| 583 | |a last modification |c 19951020 00:00:00 |k Rodrigo Vera | ||
| 600 | 0 | |a Pascal, Blaise |q (Pascal, Blas) |d 1623-1662 |x Crítica e interpretación |9 880808 | |
| 650 | 0 | |a Filosofía francesa |9 255698 | |
| 650 | 0 | |a Religión |9 255164 | |
| 650 | 0 | |a Sociedad |9 307903 | |
| 650 | 0 | |a Cultura |9 269059 | |
| 700 | |a Garriga, Ramón |e traducción |9 865461 | ||
| 942 | |c BK |2 ddc |n 0 | ||
| 945 | |d 19951020 00:00:00 |a rleighto | ||
| 952 | |0 0 |1 0 |4 0 |6 194_000000000000000_GUA_1955 |7 0 |8 P |9 251031 |a BIBEDU |b BIBEDU |c BIBEDU_PB |d 2019-11-18 |i 3131297 |o 194 GUA 1955 |p 3131297 |r 2024-01-25 |w 2019-11-18 |y BK |k FIL | ||
| 952 | |0 0 |1 0 |2 ddc |4 0 |6 194_000000000000000_GUA_1955 |7 1 |8 C_AGB |9 579867 |a BIBDER |b BIBDER |d 2021-12-28 |e Donación |i 5631998 |o 194 GUA 1955 |p 5631998 |r 2023-01-25 |t 2 |w 2021-12-28 |y BK_US |k AGB | ||